Normal view
MARC view
- بطاقات الإئتمان- البيع بالتقسيط- الاقتصاد الاسلامي
Entry Topical Term
001 - CONTROL NUMBER
- control field: 30657
003 - CONTROL NUMBER IDENTIFIER
- control field: JO-AjAnu
005 - DATE AND TIME OF LATEST TRANSACTION
- control field: 20230606075154.0
008 - FIXED-LENGTH DATA ELEMENTS
- fixed length control field: 230606|| aca||aabn | a|a d
040 ## - CATALOGING SOURCE
- Original cataloging agency: JO-AjAnu
- Transcribing agency: JO-AjAnu
150 ## - HEADING--TOPICAL TERM
- Topical term or geographic name entry element: بطاقات الإئتمان- البيع بالتقسيط- الاقتصاد الاسلامي
670 ## - SOURCE DATA FOUND
- Source citation: Work cat.: (JO-AjAnu)15746: عبابنة، عمر يوسف عبد الله, author 30656, الدفع بالتقسيط عن طريق البطاقات الأئتمانية